Cliquez pour compléter le titre de la chanson - The Cure - Statistiques

Statistiques générales
  • Ce quiz a été pris 18 fois
  • Le résultat moyen est 12 sur 20
Statistiques - réponses
Hint Réponse % Correct
Boys Don't Cry
100%
Pictures Of You
82%
A Forest
71%
Friday I'm In Love
71%
The Last Day Of Summer
71%
Let's Go To Bed
65%
I Can Never Say Goodbye
65%
Close To Me
65%
One Hundred Years
65%
Inbetween Days
59%
Just Like Heaven
59%
10:15 Saturday Night
59%
And Nothing Is Forever
47%
The Hanging Garden
47%
The Lovecats
47%
Fascination Street
47%
Mint Car
41%
From The Edge Of The Deep Green Sea
41%
Charlotte Sometimes
41%
Play For Today
35%
Aucun quiz correspondant
Distribution des résultats
% des personnes avec chaque résultat
Percentile par nombre de réponses
Votre historique - résultats
Vous n’avez pas pris ce quiz